[Event "ROM-chT"]
[Site "Eforie Nord"]
[Date "2023.09.28"]
[Round "8.6"]
[White "Doncea, Vladimir"]
[Black "Antonica, Dragos Andrei"]
[Result "1/2-1/2"]
[WhiteElo "2352"]
[BlackElo "2352"]
[PlyCount "20"]
[EventDate "2023.09.21"]
[EventType "team-tourn"]
[EventRounds "9"]
[EventCountry "ROU"]
[SourceTitle "EXT 2024"]
[Source "ChessBase"]
[SourceDate "2023.10.10"]
[SourceVersion "1"]
[SourceVersionDate "2023.10.10"]
[SourceQuality "1"]
[WhiteTeam "Craiova Oltenia"]
[BlackTeam "Galati Smart"]
[WhiteTeamCountry "ROU"]
[BlackTeamCountry "ROU"]

1. Nf3 Nf6 2. d4 e6 3. g3 b5 4. Bg2 Bb7 5. Qd3 a6 6. Bg5 c5 7. e4 Qa5+ 8. Bd2 Qb6 9. e5 Nd5 10. 0-0 Nc6 1/2-1/2

[Event "ROM-chT"]
[Site "Oradea"]
[Date "2022.09.27"]
[Round "7.1"]
[White "Bulau, Andrei Cristian"]
[Black "Doncea, Vladimir"]
[Result "1/2-1/2"]
[WhiteElo "2183"]
[BlackElo "2342"]
[PlyCount "67"]
[EventDate "2022.09.21"]
[EventType "team-tourn"]
[EventRounds "9"]
[EventCountry "ROU"]
[SourceTitle "EXT 2024"]
[Source "ChessBase"]
[SourceDate "2023.10.10"]
[SourceVersion "1"]
[SourceVersionDate "2023.10.10"]
[SourceQuality "1"]
[WhiteTeam "Techirghiol Victoria"]
[BlackTeam "Craiova Oltenia"]
[WhiteTeamCountry "ROU"]
[BlackTeamCountry "ROU"]

1. d4 Nf6 2. c4 e6 3. Nc3 Bb4 4. Qc2 0-0 5. Nf3 d5 6. cxd5 exd5 7. Bf4 c5 8. dxc5 Ne4 9. e3 Bf5 10. Bd3 Nd7 11. c6 bxc6 12. 0-0 Bxc3 13. bxc3 Bg6 14. c4 Ndc5 15. Ne5 Nxd3 16. Nxg6 Nb4 17. Qa4 hxg6 18. Qxb4 c5 19. Qb7 Nc3 20. cxd5 Qxd5 21. Qb2 Na4 22. Qb5 Nc3 23. Qb2 Ne4 24. Rfd1 Qf5 25. f3 Nf6 26. Bd6 Rfc8 27. e4 Qg5 28. Qc1 Qxc1 29. Raxc1 Nd7 30. Be7 Rc7 31. Bd6 Rc6 32. Be7 Rc7 33. Bd6 Rc6 34. Be7 1/2-1/2

[Event "ROM-chT"]
[Site "Oradea"]
[Date "2022.09.24"]
[Round "4.4"]
[White "Doncea, Vladimir"]
[Black "Gulie, Cosmin"]
[Result "1-0"]
[WhiteElo "2342"]
[BlackElo "1973"]
[PlyCount "83"]
[EventDate "2022.09.21"]
[EventType "team-tourn"]
[EventRounds "9"]
[EventCountry "ROU"]
[SourceTitle "EXT 2024"]
[Source "ChessBase"]
[SourceDate "2023.10.10"]
[SourceVersion "1"]
[SourceVersionDate "2023.10.10"]
[SourceQuality "1"]
[WhiteTeam "Craiova Oltenia"]
[BlackTeam "Targoviste"]
[WhiteTeamCountry "ROU"]
[BlackTeamCountry "ROU"]

1. d4 d5 2. c4 e6 3. Nf3 Nf6 4. g3 Be7 5. Bg2 0-0 6. 0-0 c6 7. Qc2 b6 8. Rd1 Nbd7 9. b3 Ba6 10. Nbd2 c5 11. e4 cxd4 12. Nxd4 Rc8 13. exd5 exd5 14. Bb2 Bc5 15. Qf5 Bxd4 16. Bxd4 dxc4 17. Ne4 Qe7 18. Re1 Nxe4 19. Rxe4 Qd6 20. Bxg7 Kxg7 21. Rg4+ Kh8 22. Be4 Nf6 23. Rh4 Rc5 24. Rxh7+ Kg8 25. Qh3 Nxe4 26. Rh8+ Kg7 27. Rh7+ Kg8 28. Rh8+ Kg7 29. Qh7+ Kf6 30. Qh6+ Kf5 31. g4+ Kxg4 32. f3+ Kxf3 33. Qh3+ Ng3 34. Rf1+ Ke4 35. Qg4+ Kd3 36. Qd1+ Kc3 37. Qxd6 Rxh8 38. Qxg3+ Kb4 39. Qe1+ c3 40. Rf4+ Ka3 41. Qc1+ Kxa2 42. Qc2+ 1-0

[Event "GRE CupT final 40th"]
[Site "Thessaloniki"]
[Date "2022.08.18"]
[Round "1.1"]
[White "Doncea, Vladimir"]
[Black "Vlachos, Anatole"]
[Result "0-1"]
[WhiteElo "2342"]
[BlackElo "2430"]
[PlyCount "54"]
[EventDate "2022.08.18"]
[EventType "team-swiss"]
[EventRounds "3"]
[EventCountry "GRE"]
[SourceTitle "CBM 209 Extra"]
[Source "ChessBase"]
[SourceDate "2022.09.30"]
[SourceVersion "1"]
[SourceVersionDate "2022.09.30"]
[SourceQuality "1"]

1. c4 f5 2. b3 d6 3. Bb2 e5 4. e3 Nf6 5. Nc3 Be7 6. Nf3 0-0 7. h4 c6 8. c5 e4 9. cxd6 Bxd6 10. Ng5 Qe7 11. Qc2 Na6 12. Bc4+ Kh8 13. Bxa6 bxa6 14. 0-0-0 Nd5 15. d3 Nb4 16. Qe2 Be5 17. dxe4 fxe4 18. Ngxe4 Nxa2+ 19. Nxa2 Bxb2+ 20. Qxb2 Qxe4 21. Qd4 Qe7 22. f3 Be6 23. Kb2 Rab8 24. Nc1 c5 25. Qe5 Qf7 26. Rd3 Rb5 27. Rhd1 c4 0-1

[Event "GRE CupT 40th f/16"]
[Site "Greece"]
[Date "2022.06.19"]
[Round "1.6"]
[White "Georganas, Panayotis"]
[Black "Doncea, Vladimir"]
[Result "0-1"]
[WhiteElo "2018"]
[BlackElo "2342"]
[PlyCount "66"]
[EventDate "2022.06.19"]
[EventType "team-k.o."]
[EventRounds "1"]
[EventCountry "GRE"]
[SourceTitle "EXT 2024"]
[Source "ChessBase"]
[SourceDate "2023.10.10"]
[SourceVersion "1"]
[SourceVersionDate "2023.10.10"]
[SourceQuality "1"]

1. e4 c5 2. Nf3 e6 3. Nc3 Nc6 4. d3 a6 5. a4 Nf6 6. Be2 d5 7. exd5 exd5 8. Bg5 Be7 9. 0-0 0-0 10. Re1 h6 11. Bh4 Bf5 12. h3 d4 13. Bxf6 Bxf6 14. Ne4 Be7 15. Bf1 b5 16. g4 Bg6 17. axb5 axb5 18. Rxa8 Qxa8 19. Bg2 Qa2 20. Qc1 c4 21. c3 cxd3 22. Bf1 Qd5 23. Nfd2 Ne5 24. Bg2 Qd7 25. f4 Bxe4 26. Rxe4 dxc3 27. bxc3 Nc4 28. Nxc4 bxc4 29. Rxc4 d2 30. Qd1 Qd3 31. Re4 Bc5+ 32. Kh1 Rb8 33. Kh2 Rb1 0-1

[Event "ROM-ch"]
[Site "Eforie Nord"]
[Date "2022.02.24"]
[Round "6"]
[White "Martian, Dragos Daniel"]
[Black "Doncea, Vladimir"]
[Result "1-0"]
[WhiteElo "2270"]
[BlackElo "2367"]
[PlyCount "71"]
[EventDate "2022.02.20"]
[EventType "swiss"]
[EventRounds "9"]
[EventCountry "ROU"]
[SourceTitle "CBM 207 Extra"]
[Source "ChessBase"]
[SourceDate "2022.05.31"]
[SourceVersion "1"]
[SourceVersionDate "2022.05.31"]
[SourceQuality "1"]

1. e4 c5 2. c3 d5 3. exd5 Qxd5 4. d4 Nc6 5. Nf3 Bf5 6. Be3 Nf6 7. Na3 cxd4 8. Bc4 Qa5 9. Nxd4 Nxd4 10. Bxd4 e5 11. Bb5+ Bd7 12. Bxd7+ Nxd7 13. Nc4 Qc7 14. Qe2 0-0-0 15. Be3 Bc5 16. 0-0 Nf6 17. Bg5 Rhe8 18. b4 Be7 19. Bxf6 Bxf6 20. a4 e4 21. b5 Rd3 22. Ne3 Be5 23. g3 g6 24. a5 Qd7 25. a6 b6 26. Nc4 Bc7 27. Rad1 f5 28. Nb2 Rd6 29. Nc4 Rd3 30. Nb2 Rd5 31. Rxd5 Qxd5 32. Rd1 Qb3 33. Nc4 Re6 34. h4 Qxc3 35. Qa2 Qf3 36. Nxb6+ 1-0

[Event "ROM-ch"]
[Site "Eforie Nord"]
[Date "2022.02.21"]
[Round "2"]
[White "Lupulescu, Constantin"]
[Black "Doncea, Vladimir"]
[Result "1-0"]
[WhiteElo "2620"]
[BlackElo "2367"]
[PlyCount "33"]
[EventDate "2022.02.20"]
[EventType "swiss"]
[EventRounds "9"]
[EventCountry "ROU"]
[SourceTitle "CBM 207 Extra"]
[Source "ChessBase"]
[SourceDate "2022.05.31"]
[SourceVersion "1"]
[SourceVersionDate "2022.05.31"]
[SourceQuality "1"]

1. e4 e5 2. Nf3 Nc6 3. Bc4 Bc5 4. 0-0 Nf6 5. Re1 Ng4 6. Re2 Nd4 7. Nxd4 Bxd4 8. h3 h5 9. c3 Bb6 10. d4 Qf6 11. Nd2 exd4 12. e5 Qg6 13. cxd4 Bxd4 14. Ne4 Nxe5 15. Ng5 Qd6 16. Bf4 Rf8 17. Nf3 1-0

[Event "ROM-chT"]
[Site "Mamaia"]
[Date "2019.09.23"]
[Round "3.1"]
[White "Marin, Mihail"]
[Black "Doncea, Vladimir"]
[Result "1-0"]
[WhiteElo "2524"]
[BlackElo "2341"]
[PlyCount "80"]
[EventDate "2019.09.21"]
[EventType "team-tourn"]
[EventRounds "9"]
[EventCountry "ROU"]
[SourceTitle "EXT 2020"]
[Source "ChessBase"]
[SourceDate "2019.10.17"]
[SourceVersion "1"]
[SourceVersionDate "2019.10.17"]
[SourceQuality "1"]
[WhiteTeam "Timisoara Medicina"]
[BlackTeam "Craiova Oltenia"]
[WhiteTeamCountry "ROU"]
[BlackTeamCountry "ROU"]

1. f4 Nh6 2. Nf3 d5 3. d3 Nc6 4. g3 Bg4 5. Bg2 Nf5 6. c3 h5 7. Qb3 Rb8 8. e4 dxe4 9. dxe4 Qd3 10. Qd5 Nfd4 11. cxd4 Bxf3 12. Bxf3 Qxf3 13. Rf1 Qd3 14. Nc3 Nxd4 15. Kf2 h4 16. Kg2 hxg3 17. hxg3 Qc2+ 18. Rf2 Rh2+ 19. Kxh2 Qxf2+ 20. Kh3 e6 21. Qc4 Bc5 22. Be3 Qxe3 23. Qxc5 Kd7 24. Qh5 Rf8 25. Qh7 g5 26. f5 exf5 27. Rd1 g4+ 28. Kh4 Kc6 29. exf5 f6 30. Qxc7+ Kxc7 31. Nd5+ Kc6 32. Nxe3 Ne2 33. Kxg4 Re8 34. Kf3 Nxg3 35. Rc1+ Kb5 36. Nd5 Ne2 37. Nc7+ Kb6 38. Nxe8 Nxc1 39. Nxf6 Kc6 40. a3 Kd6 1-0

[Event "Bucharest F01 GM"]
[Site "Bucharest"]
[Date "2019.01.09"]
[Round "5"]
[White "Doncea, Vladimir"]
[Black "Raja, Rithvik R"]
[Result "1/2-1/2"]
[WhiteElo "2361"]
[BlackElo "2431"]
[PlyCount "72"]
[EventDate "2019.01.05"]
[EventType "tourn"]
[EventRounds "9"]
[EventCountry "ROU"]
[EventCategory "7"]
[SourceTitle "CBM 188 Extra"]
[Source "ChessBase"]
[SourceDate "2019.02.26"]
[SourceVersion "1"]
[SourceVersionDate "2019.02.26"]
[SourceQuality "1"]

1. c4 c5 2. g3 Nc6 3. Bg2 g6 4. Nc3 Bg7 5. Nf3 e6 6. d4 cxd4 7. Nb5 d5 8. cxd5 Qa5+ 9. Nd2 Qxb5 10. dxc6 Ne7 11. a4 Qb4 12. b3 Nxc6 13. Ba3 Qa5 14. 0-0 Qd8 15. Nc4 Bf8 16. Bxf8 Kxf8 17. Qd2 Kg7 18. Rfd1 Qf6 19. Bxc6 bxc6 20. Qxd4 Qxd4 21. Rxd4 c5 22. Rd6 Bb7 23. Na5 Bd5 24. Rc1 Rhc8 25. Rc3 Rab8 26. Rd7 a6 27. f3 c4 28. Nxc4 Bxc4 29. bxc4 Rc5 30. Ra7 Rb6 31. f4 Rbc6 32. Kf2 Ra5 33. Rb3 Rxc4 34. Rbb7 Rf5 35. Rxa6 e5 36. Rb5 exf4 1/2-1/2

[Event "ROM-chT2"]
[Site "Gilau"]
[Date "2018.10.11"]
[Round "5.3"]
[White "Torok, Francisco"]
[Black "Doncea, Vladimir"]
[Result "1/2-1/2"]
[WhiteElo "2106"]
[BlackElo "2370"]
[PlyCount "23"]
[EventDate "2018.10.07"]
[EventType "team-swiss"]
[EventRounds "9"]
[EventCountry "ROU"]
[SourceTitle "CBM 187 Extra"]
[Source "ChessBase"]
[SourceDate "2018.11.04"]
[SourceVersion "1"]
[SourceVersionDate "2018.11.04"]
[SourceQuality "1"]
[WhiteTeam "Ineu"]
[BlackTeam "Oltenia Pro Logos"]
[WhiteTeamCountry "ROU"]
[BlackTeamCountry "ROU"]

1. d4 e6 2. Nf3 d5 3. g3 c5 4. c3 Nc6 5. Bg2 Nf6 6. 0-0 Be7 7. Bg5 0-0 8. Bxf6 Bxf6 9. dxc5 Qe7 10. Nbd2 Qxc5 11. e4 dxe4 12. Nxe4 1/2-1/2

[Event "ROM-chT2"]
[Site "Gilau"]
[Date "2018.10.10"]
[Round "4.3"]
[White "Doncea, Vladimir"]
[Black "Tunaru, Alexandru A"]
[Result "1-0"]
[WhiteElo "2370"]
[BlackElo "2087"]
[PlyCount "143"]
[EventDate "2018.10.07"]
[EventType "team-swiss"]
[EventRounds "9"]
[EventCountry "ROU"]
[SourceTitle "CBM 187 Extra"]
[Source "ChessBase"]
[SourceDate "2018.11.04"]
[SourceVersion "1"]
[SourceVersionDate "2018.11.04"]
[SourceQuality "1"]
[WhiteTeam "Oltenia Pro Logos"]
[BlackTeam "Resita Muncitorul"]
[WhiteTeamCountry "ROU"]
[BlackTeamCountry "ROU"]

1. Nf3 b6 2. e4 Bb7 3. Nc3 g6 4. d4 Bg7 5. Bg5 Nf6 6. e5 Ne4 7. Nxe4 Bxe4 8. Bc4 0-0 9. Qe2 Bxf3 10. Qxf3 Nc6 11. c3 Na5 12. Bd3 f6 13. exf6 exf6 14. Be3 d5 15. 0-0 Qd7 16. Rfe1 Rae8 17. Bf4 c6 18. h4 Rxe1+ 19. Rxe1 Re8 20. Re2 Rxe2 21. Qxe2 Kf7 22. g4 Nb7 23. h5 Nd8 24. hxg6+ hxg6 25. Kg2 b5 26. Qf3 Ne6 27. Bg3 Bh6 28. Bc2 Kg7 29. Kf1 a6 30. Bb8 Qe8 31. Qg3 Bc1 32. b3 Bh6 33. Bd6 Qd7 34. Ke2 Bg5 35. Kd1 Bh6 36. Bd3 Bg5 37. Kc2 Bh4 38. Bf8+ Nxf8 39. Qxh4 Qe7 40. Kd2 Qa3 41. Qg3 Qe7 42. Qb8 Ne6 43. Kc2 Ng5 44. Kb2 a5 45. Qb6 Qd7 46. Qxa5 Nh3 47. f3 Ng1 48. a4 bxa4 49. bxa4 Nxf3 50. Be2 Nd2 51. Kc2 Nc4 52. Qb4 Qe6 53. Bxc4 dxc4 54. a5 Qe2+ 55. Kb1 Qxg4 56. a6 Qd1+ 57. Kb2 Qd2+ 58. Ka3 Qc1+ 59. Ka4 Qa1+ 60. Qa3 Qb1 61. Qe7+ Kh6 62. Qb7 Qa2+ 63. Kb4 Qb3+ 64. Kc5 Qxc3 65. a7 Qa5+ 66. Kd6 Qd5+ 67. Ke7 Qe4+ 68. Kf8 c3 69. a8Q c2 70. Qxc6 Qxd4 71. Qh1+ Kg5 72. Qad5+ 1-0

[Event "ROM-chT2"]
[Site "Gilau"]
[Date "2018.10.08"]
[Round "2.3"]
[White "Doncea, Vladimir"]
[Black "Talu, Mircea"]
[Result "0-1"]
[WhiteElo "2370"]
[BlackElo "2159"]
[PlyCount "74"]
[EventDate "2018.10.07"]
[EventType "team-swiss"]
[EventRounds "9"]
[EventCountry "ROU"]
[SourceTitle "CBM 187 Extra"]
[Source "ChessBase"]
[SourceDate "2018.11.04"]
[SourceVersion "1"]
[SourceVersionDate "2018.11.04"]
[SourceQuality "1"]
[WhiteTeam "Oltenia Pro Logos"]
[BlackTeam "Cluj Napoca"]
[WhiteTeamCountry "ROU"]
[BlackTeamCountry "ROU"]

1. c4 Nf6 2. Nc3 e6 3. e4 d5 4. e5 d4 5. exf6 dxc3 6. bxc3 Qxf6 7. Nf3 e5 8. Bd3 Na6 9. 0-0 Bd6 10. Re1 Bg4 11. Be4 Nc5 12. d4 Nxe4 13. Rxe4 Qg6 14. Re1 0-0-0 15. h3 Bxh3 16. Ng5 Bf5 17. Qa4 a6 18. c5 Be7 19. c6 Bxg5 20. cxb7+ Kxb7 21. dxe5 Bxc1 22. Raxc1 Qb6 23. c4 Ka7 24. Re3 Bd7 25. Qa3 Be6 26. Rb3 Qc6 27. Rb5 Rb8 28. Rc5 Qd7 29. Ra5 Rb6 30. c5 Rc6 31. Qa4 Rd8 32. Rb1 Bd5 33. Rb6 Rxb6 34. cxb6+ cxb6 35. Rxa6+ Kb8 36. Rxb6+ Bb7 37. Qf4 Qd4 0-1

[Event "ROM-chT"]
[Site "Calimanesti Caciulata"]
[Date "2016.11.26"]
[Round "8.3"]
[White "Posedaru, Bogdan Stefan"]
[Black "Doncea, Vladimir"]
[Result "1/2-1/2"]
[WhiteElo "2327"]
[BlackElo "2399"]
[PlyCount "25"]
[EventDate "2016.11.19"]
[EventType "team-tourn"]
[EventRounds "9"]
[EventCountry "ROU"]
[SourceTitle "CBM 175 Extra"]
[Source "ChessBase"]
[SourceDate "2016.12.12"]
[SourceVersion "1"]
[SourceVersionDate "2016.12.12"]
[SourceQuality "1"]
[WhiteTeam "Techirghiol Victoria"]
[BlackTeam "Oltenia Pro Logos"]
[WhiteTeamCountry "ROU"]
[BlackTeamCountry "ROU"]

1. d4 d5 2. c4 e6 3. Nf3 Nf6 4. Nc3 Be7 5. Bf4 0-0 6. e3 Nbd7 7. c5 Ne4 8. Bd3 Nxc3 9. bxc3 b6 10. cxb6 axb6 11. Qc2 Nf6 12. 0-0 Ba6 13. c4 1/2-1/2

[Event "Krk Golden Island op 3rd"]
[Site "Malinska"]
[Date "2015.10.21"]
[Round "7"]
[White "Mandekic, Ivan"]
[Black "Doncea, Vladimir"]
[Result "0-1"]
[WhiteElo "2208"]
[BlackElo "2404"]
[PlyCount "116"]
[EventDate "2015.10.17"]
[EventType "swiss"]
[EventRounds "9"]
[EventCountry "CRO"]
[SourceTitle "CBM 168 Extra"]
[Source "ChessBase"]
[SourceDate "2015.10.29"]
[SourceVersion "1"]
[SourceVersionDate "2015.10.29"]
[SourceQuality "1"]

1. c4 e6 2. Nf3 d5 3. g3 dxc4 4. Bg2 a6 5. 0-0 Nc6 6. Na3 Bxa3 7. bxa3 e5 8. Qc2 Nge7 9. Qxc4 Be6 10. Qc2 f6 11. Bb2 0-0 12. Rfd1 Qe8 13. d4 exd4 14. Nxd4 Nxd4 15. Bxd4 c6 16. Rab1 b5 17. Bc5 Rc8 18. Rb4 Bc4 19. Rxc4 bxc4 20. Qxc4+ Qf7 21. Qxa6 Rfd8 22. Rxd8+ Rxd8 23. h3 Re8 24. Bxe7 Qxe7 25. Bxc6 Qxe2 26. Bd5+ Kf8 27. Qxe2 Rxe2 28. Kf1 Re5 29. Bb3 Ke7 30. f4 Re3 31. Kf2 Rc3 32. a4 Kd6 33. h4 Kc5 34. h5 h6 35. Kg2 Kd4 36. Kh3 Ke4 37. a5 Rc5 38. Kg4 f5+ 39. Kh3 Rxa5 40. Kg2 Ke3 41. Be6 Rc5 42. a4 Rc2+ 43. Kh3 Ke4 44. Bd7 Rd2 45. Bc8 Ra2 46. Bd7 Rc2 47. Be6 Rc5 48. Kg2 Ke3 49. Bd7 Rc2+ 50. Kh3 Kf2 51. Bxf5 Rc3 52. Bd7 Rxg3+ 53. Kh4 Rd3 54. Bc6 Rc3 55. Bd5 Rc5 56. Be6 Kf3 57. f5 Kf4 58. Kh3 Ra5 0-1

[Event "ROM-chT "]
[Site "Mamaia"]
[Date "2015.10.05"]
[Round "3.3"]
[White "Doncea, Vladimir"]
[Black "Ardelean, George Catalin"]
[Result "1-0"]
[WhiteElo "2404"]
[BlackElo "2494"]
[PlyCount "69"]
[EventDate "2015.10.03"]
[EventType "team-tourn"]
[EventRounds "9"]
[EventCountry "ROU"]
[SourceTitle "CBM 168 Extra"]
[Source "ChessBase"]
[SourceDate "2015.10.29"]
[SourceVersion "1"]
[SourceVersionDate "2015.10.29"]
[SourceQuality "1"]
[WhiteTeam "Bucharest Apa Nova"]
[BlackTeam "Timisoara Medicina"]
[WhiteTeamCountry "ROU"]
[BlackTeamCountry "ROU"]

1. d4 f5 2. c4 e6 3. Nc3 Nf6 4. Qc2 b6 5. e3 Bb7 6. f3 Nc6 7. a3 g6 8. Bd3 Bg7 9. Nge2 0-0 10. 0-0 Qe7 11. b4 e5 12. c5 Nd8 13. Nb5 d6 14. cxd6 cxd6 15. Qc7 Qxc7 16. Nxc7 Rb8 17. Nb5 Ba6 18. a4 e4 19. fxe4 fxe4 20. Bc4+ d5 21. Bb3 Ne6 22. Bd2 Rfd8 23. Rac1 Kf7 24. Be1 Bh6 25. Rc3 Ke7 26. Bh4 g5 27. Bg3 Bxb5 28. axb5 Rb7 29. h3 g4 30. Bh4 Bg5 31. Bxg5 Nxg5 32. Rc6 Ne6 33. Rxf6 Kxf6 34. Nf4 gxh3 35. Nxe6 1-0

[Event "NRW Class2 1516"]
[Site "Germany"]
[Date "2015.09.27"]
[Round "1.1"]
[White "Doncea, Vladimir"]
[Black "Lupor, Stefan"]
[Result "1/2-1/2"]
[WhiteElo "2384"]
[BlackElo "2234"]
[PlyCount "72"]
[EventDate "2015.09.27"]
[EventType "team-tourn"]
[EventRounds "9"]
[EventCountry "GER"]
[SourceTitle "EXT 2017"]
[Source "ChessBase"]
[SourceDate "2016.10.25"]
[SourceVersion "1"]
[SourceVersionDate "2016.10.25"]
[SourceQuality "1"]
[WhiteTeam "Sundern"]
[BlackTeam "Ennepe Ruhr Sued"]
[WhiteTeamCountry "GER"]
[BlackTeamCountry "GER"]

1. d4 Nf6 2. Nc3 d5 3. Bf4 e6 4. Nb5 Na6 5. e3 c6 6. Nc3 Qb6 7. a3 c5 8. dxc5 Bxc5 9. b4 Be7 10. Qd4 Qd8 11. Nf3 0-0 12. h3 Bd7 13. Be2 Nb8 14. 0-0 Nc6 15. Qd3 a6 16. Rad1 Na7 17. Ne5 Be8 18. e4 Nb5 19. exd5 Nxc3 20. Qxc3 Nxd5 21. Qf3 Qc8 22. Nc4 Bb5 23. Rxd5 exd5 24. Nb6 Qxc2 25. Bxb5 axb5 26. Nxa8 Rxa8 27. Rc1 Qe4 28. Qxe4 dxe4 29. Rc7 Bf6 30. Rxb7 h6 31. Rxb5 Rxa3 32. Rb8+ Kh7 33. Re8 Bd4 34. g4 Rb3 35. Rxe4 Rxb4 36. Kg2 Bc3 1/2-1/2

[Event "Arad op 8th"]
[Site "Arad"]
[Date "2015.08.09"]
[Round "5"]
[White "Sadilek, Peter"]
[Black "Doncea, Vladimir"]
[Result "1/2-1/2"]
[WhiteElo "2357"]
[BlackElo "2423"]
[PlyCount "71"]
[EventDate "2015.08.06"]
[EventType "swiss"]
[EventRounds "9"]
[EventCountry "ROU"]
[SourceTitle "CBM 167 Extra"]
[Source "ChessBase"]
[SourceDate "2015.09.14"]
[SourceVersion "1"]
[SourceVersionDate "2015.09.14"]
[SourceQuality "1"]

1. Nf3 c5 2. c4 Nc6 3. Nc3 Nd4 4. Ng1 Nf6 5. e3 Nc6 6. d4 cxd4 7. exd4 d5 8. Bg5 Be6 9. a3 g6 10. Bxf6 exf6 11. c5 Bg7 12. Bb5 0-0 13. Bxc6 bxc6 14. Nge2 Rb8 15. b4 a5 16. Rb1 axb4 17. axb4 Rb7 18. 0-0 Qa8 19. b5 cxb5 20. Rxb5 Rxb5 21. Nxb5 Rb8 22. Nc7 Qc6 23. Nxe6 fxe6 24. Qc2 e5 25. Rb1 Rc8 26. h3 Bf8 27. Rd1 Kf7 28. dxe5 fxe5 29. Qb3 Bxc5 30. Rxd5 Kg7 31. Qd3 Rf8 32. Rd7+ Kh8 33. Rd8 Bxf2+ 34. Kh2 Qf6 35. Rxf8+ Qxf8 36. Qf3 1/2-1/2

[Event "Iasi op"]
[Site "Iasi"]
[Date "2015.06.04"]
[Round "7"]
[White "Stoleriu, George"]
[Black "Doncea, Vladimir"]
[Result "1-0"]
[WhiteElo "2182"]
[BlackElo "2425"]
[PlyCount "89"]
[EventDate "2015.05.29"]
[EventType "swiss"]
[EventRounds "9"]
[EventCountry "ROU"]
[SourceTitle "EXT 2016"]
[Source "ChessBase"]
[SourceDate "2015.10.08"]
[SourceVersion "1"]
[SourceVersionDate "2015.10.08"]
[SourceQuality "1"]

1. e4 e5 2. Nf3 Nc6 3. Bb5 a6 4. Ba4 Nge7 5. 0-0 g6 6. d4 exd4 7. Nxd4 Bg7 8. Nxc6 Nxc6 9. Bxc6 bxc6 10. c3 0-0 11. Be3 Re8 12. Nd2 Rb8 13. Qc2 d5 14. exd5 Qxd5 15. Nb3 Bf5 16. Qc1 Bg4 17. Bd4 Be2 18. Re1 Bc4 19. Bxg7 Kxg7 20. h3 Rxe1+ 21. Qxe1 Bxb3 22. axb3 Rxb3 23. Rxa6 Rxb2 24. c4 Qd4 25. Rxc6 Rd2 26. Qe3 Rd1+ 27. Kh2 Qxe3 28. fxe3 Rd7 29. Kg3 Re7 30. Kf4 h5 31. e4 Kf8 32. g4 hxg4 33. hxg4 Rd7 34. g5 Re7 35. Rf6 Ke8 36. Rc6 Rd7 37. Ke5 Ke7 38. c5 Ke8 39. Kf6 Rd4 40. Rxc7 Rxe4 41. Rc8+ Kd7 42. Rf8 Rf4+ 43. Kg7 Rg4 44. Rxf7+ Ke8 45. c6 1-0

[Event "ROM-ch"]
[Site "Calimanesti"]
[Date "2015.04.26"]
[Round "9"]
[White "Nastase, Robert Paul"]
[Black "Doncea, Vladimir"]
[Result "0-1"]
[WhiteElo "2197"]
[BlackElo "2421"]
[PlyCount "80"]
[EventDate "2015.04.18"]
[EventType "swiss"]
[EventRounds "9"]
[EventCountry "ROU"]
[SourceTitle "CBM 166 Extra"]
[Source "ChessBase"]
[SourceDate "2015.06.18"]
[SourceVersion "1"]
[SourceVersionDate "2015.06.18"]
[SourceQuality "1"]

1. e4 c5 2. Nf3 d6 3. d4 cxd4 4. Nxd4 e5 5. Nb3 Be6 6. Nc3 h6 7. Be2 Nf6 8. 0-0 Be7 9. Bf3 0-0 10. Be3 a5 11. Qe2 a4 12. Nd2 a3 13. b3 d5 14. exd5 Nxd5 15. Nxd5 Bxd5 16. Rfd1 Bxf3 17. Qxf3 Qc7 18. Nc4 Ra6 19. Rd5 Re6 20. Qg3 Nc6 21. Bb6 Qc8 22. c3 Rg6 23. Qf3 Qe6 24. Re1 Rg5 25. Rd3 Kh8 26. Qd5 Qg6 27. g3 h5 28. Ree3 h4 29. Qd7 hxg3 30. hxg3 Rh5 31. Qd5 Qh6 32. Nxe5 Nxe5 33. Rxe5 Qc1+ 34. Rd1 Rxe5 35. Qh1+ Qh6 36. Qxh6+ gxh6 37. Bd4 Bf6 38. Bxe5 Bxe5 39. Rd7 Bxc3 40. Rxb7 Kg7 0-1

[Event "ROM-ch"]
[Site "Calimanesti"]
[Date "2015.04.25"]
[Round "8"]
[White "Doncea, Vladimir"]
[Black "Gavrilescu, David"]
[Result "1/2-1/2"]
[WhiteElo "2421"]
[BlackElo "2194"]
[PlyCount "46"]
[EventDate "2015.04.18"]
[EventType "swiss"]
[EventRounds "9"]
[EventCountry "ROU"]
[SourceTitle "CBM 166 Extra"]
[Source "ChessBase"]
[SourceDate "2015.06.18"]
[SourceVersion "1"]
[SourceVersionDate "2015.06.18"]
[SourceQuality "1"]

1. Nf3 c5 2. c4 Nc6 3. Nc3 e5 4. g3 g6 5. Bg2 Bg7 6. 0-0 d6 7. a3 Nge7 8. b4 e4 9. Ne1 f5 10. f3 Be6 11. fxe4 Bxc4 12. Nc2 Qd7 13. Ne3 Be6 14. Rb1 Rb8 15. Ncd5 0-0 16. Bb2 Nd4 17. Nxe7+ Qxe7 18. exf5 Nxf5 19. Nxf5 Bxf5 20. Bxg7 Qxg7 21. Qb3+ Kh8 22. Rbc1 b6 23. Rf2 Bd7 1/2-1/2